Common Acronyms - Statistics

General Stats
  • This quiz has been taken 79 times
  • The average score is 9 of 20
Answer Stats
Hint Hint Answer % Correct
PM Politics Prime Minister
82%
EU Political organization European Union
80%
ETA Travel Estimated time of arrival
75%
BYOB Invitations Bring your own bottle
71%
HazMat Shipping Hazardous Materials
65%
PS Letter writing Post script
65%
FLOTUS American politics First Lady of the United States
60%
MP US Armed Forces Military Police
55%
BCC Email Blind carbon copy
49%
MBA Education Masters of Business Administration
49%
MP British politics Member of Parliament
47%
ISP Technology Internet Service Provider
36%
ROI Finance Return on investment
36%
WYSIWYG Computer design What you see is what you get
33%
IBM Corporation International Business Machines
31%
IPO Finance Initial Public Offering
29%
SXSW Annual festival South by South West
29%
BMW Auto manufacturer Bavarian Motor Works
27%
PM Time Post meridiem
18%
AM Radio Amplitude modulation
11%
No matching quizzes found
Score Distribution
Percent of People with Each Score
Percentile by Number Answered
Your Score History
You have not taken this quiz